000 00508nmm a2200169Ia 4500
008 251105s9999||||xx |||||||||||||||||und||
020 _a9788413050386
041 _aspa
100 _aDíaz Sánchez, Carlos
245 0 _aPersonajes ilustres de la historia: Roma antigua
264 _a[Madrid, España] :
_bEdiciones Nowtilus,
_c2019
300 _a352 páginas
490 _aHistoria Incógnita
650 _aHistory (General)
856 _uhttps://public.digitaliapublishing.com/a/171880
942 _cCF
999 _c76302
_d76302